The Children of war: street gangs in El Salvador /
Guardado en:
| Autor principal: | |
|---|---|
| Formato: | Texto |
| Materias: | |
| Etiquetas: |
Agregar Etiqueta
Sin Etiquetas, Sea el primero en etiquetar este registro!
|
MARC
| LEADER | 00000 a a2200000 04500 | ||
|---|---|---|---|
| 001 | 9915 | ||
| 003 | |||
| 040 | |||
| 100 | |a DeCesare, Donna | ||
| 245 | |a The Children of war: |b street gangs in El Salvador / |c Donna DeCesare | ||
| 650 | |a GUERRA | ||
| 650 | |a NIÑOS | ||
| 650 | |a POBREZA | ||
| 650 | |a EQUIDAD SOCIAL | ||
| 650 | |a SEGURIDAD SOCIAL | ||
| 650 | |a FAMILIA | ||
| 650 | |a VALORES | ||
| 650 | |a SUPERVIVENCIA INFANTIL | ||
| 650 | |a POLITICA | ||
| 650 | |a ESTADO | ||
| 773 | |g volumen 31, número 1; páginas 21-29 | ||
| 999 | |c 28945 |d 28945 | ||
